Psychological testing and assessment / (Record no. 601095)
[ view plain ]
| 000 -LEADER | |
|---|---|
| fixed length control field | 00290nam a2200109Ia 4500 |
| 008 - FIXED-LENGTH DATA ELEMENTS--GENERAL INFORMATION | |
| fixed length control field | 230907s9999||||xx |||||||||||||| ||und|| |
| 082 ## - DEWEY DECIMAL CLASSIFICATION NUMBER | |
| Classification number | 150.287 |
| Author Mark | COH |
| 100 ## - MAIN ENTRY--PERSONAL NAME | |
| Personal name | Cohen, Ronald Jay, |
| 9 (RLIN) | 116116 |
| 245 #0 - TITLE STATEMENT | |
| Title | Psychological testing and assessment / |
| 300 ## - PHYSICAL DESCRIPTION | |
| Extent | xxix, 566 pages ; |
| 942 ## - ADDED ENTRY ELEMENTS (KOHA) | |
| Koha item type | Book |
| Withdrawn status | Lost status | Damaged status | Not for loan | Permanent Location | Current Location | Date acquired | Total Checkouts | Full call number | Barcode | Date last seen | Price effective from | Koha item type |
|---|---|---|---|---|---|---|---|---|---|---|---|---|
| US-Pakistan Center for Advanced Studies in Energy (USPCAS-E) | US-Pakistan Center for Advanced Studies in Energy (USPCAS-E) | 11/19/2019 | 150.287 COH | CAS-E0005194 | 09/12/2023 | 09/12/2023 | Book |
